| 000 | 00638nam a2200181Ia 4500 | ||
|---|---|---|---|
| 008 | 130821s1984 ck gr spa | ||
| 040 |
_aCo-BoUCM _bspa |
||
| 041 | 0 | 0 | _aspa |
| 100 |
_aLeal, Eutiquio _9156890 |
||
| 245 | 0 | 0 |
_aTalleres de literatura teoría-metodologia-creación _cEutiquio Leal |
| 260 |
_aBogotá (Colombia) _bFundacion Universitaria Autonoma de Colombia _c1984 |
||
| 300 | _a204 páginas | ||
| 490 | _aTaller de Escritores "Gabriel Garcia Marquez" | ||
| 650 | 0 | 4 |
_aLiteratura colombiana _918629 |
| 650 | 0 | 4 |
_aNovela colombiana _920483 |
| 942 |
_cLIBRO _a18 _e1 _mL31 _2DEWEY _h860 |
||
| 999 |
_c23341 _d23341 |
||